000 00973nam a2200301 a 4500
999 _c19586
_d19586
001 1121021
003 BDDh-ASL
005 20231015025805.0
008 930716s1993 ii b 001 0 eng
010 _a 93903345
020 _a8171004970 :
_cRs250.00
025 _aI-E-71691
040 _aDLC
_cDLC
_dBDDh-ASL
043 _aa-ii---
050 0 0 _aDS422.C64
_bP65 1993
082 _a300
_bPOL
245 0 0 _aPolitics of communalism and secularism :
_bkeeping Indians divided /
_cedited by N.S. Gehlot.
260 _aNew Delhi :
_bDeep & Deep Publications,
_cc1993.
300 _axi, 305 p. :
_c23 cm.
504 _aIncludes bibliographical references (p. [285]-286) and index.
650 0 _aCommunalism
_xIndia.
650 0 _aSecularism
_xIndia.
651 0 _aIndia
_xPolitics and government
_y1947-
700 1 _aGehlot, N. S.,
_d1947-
906 _a7
_bcbc
_corignew
_d3
_encip
_f19
_gy-gencatlg
942 _2ddc
_cBK